Trouve le pays par Indice #1 - Statistiques

Statistiques générales
  • Ce quiz a été pris 86 fois
    13 depuis la dernière actualisation
  • Le résultat moyen est 9 sur 20
Statistiques - réponses
Indice Pays % Correct
Le Père Noël est officiellement basé ici à Rovaniemi. Finlande
80%
Il a quatre langues officielles : allemand, français, italien et romanche Suisse
80%
On y fabrique plus de films qu’aucun autre pays au monde Inde
70%
Elle possède la plus grande collection de sites classés UNESCO en Europe Italie
70%
On y trouve l’Opéra le plus photographié au monde Australie
60%
Il partage une frontière très militarisée avec son voisin du nord. Corée du Sud
60%
Son fleuve est le plus long du monde Egypte
60%
Le marché d'une de ses villes attire des millions de touristes chaque année Maroc
60%
Elle possède la plus longue frontière terrestre du monde Russie
60%
Le tango est né dans ce pays Argentine
50%
Il possède le plus grand nombre de lacs au monde Canada
50%
La cuisine locale est classée patrimoine culturel immatériel de l’UNESCO Mexique
40%
Son détroit sépare 2 continents et il est à cheval sur les deux Turquie
40%
Il a été le premier à accorder le droit de vote aux femmes Nouvelle Zelande
30%
Le pays a été appelé « Siam » jusqu’en 1939 Thailande
30%
On mesure le bonheur national brut, pas le PIB et la publicité y est interdite Bhoutan
20%
Pays composé de plus de 17 000 îles Indonesie
20%
Il possède l'un des déserts plus secs au monde Chili
10%
Il y a un immense jardin botanique futuriste appelé Gardens by the Bay Singapour
10%
Il a été le berceau de la civilisation phénicienne. Liban
0%
Aucun quiz correspondant
Distribution des résultats
% des personnes avec chaque résultat
Percentile par nombre de réponses
Votre historique - résultats
Vous n’avez pas pris ce quiz depuis la dernière actualisation